00842nam a2200217 a 4500001001000000003000900010005001700019008004100036040002200077082002700099100004700126245010300173260003400276300003000310490002800340500005700368600005800425650004000483700004900523710005200572000026294DO-SdBNP20220518085813.0110310s1986 dr c r 000 0 spa d aBPMSUbspacBPMSU a928.61bD353R 19862221 aRodríguez y Rodríguez, Alberto,d1929-10aEn torno a Gastón /cAlberto Rodríguez y Rodríguez; prólogo José Rafael García Pascal. aSanto Domingo :bONAP,c1986. a95 p. :bretrs. ;c21 cm.0 aONAP ;aFeria del libro aIncluye datos biográficos del autor en las solapas14aDeligne, Gaston Fernando, d1861-1913 vBiografías  42Autores dominicanos vBiografías.1 aGarcía Pascal, José Rafael,eprólogro 2 aOficina Nacional de Administración y Personal